000 00843nam a22002417a 4500
999 _c16902
_d16902
003 AR-CdUCM
008 190506b ||||| |||| 00| 0 spa d
040 _aMUNICIPALIDAD PROVINCIAL DEL CUSCO
_cBIBLIOTECA MUNICIPAL DEL CUSCO
041 _hfr.
082 _a575.04 /
_bV19
100 _aVallois, H.
_936640
245 _aLos procesos de hominización /
260 _aMéxico :
_bGrijalbo,
_c1969.
300 _a156 paginas ;
_c19 cm.
440 _aColección 70
_92202
505 _aContenido :El problema de la hominizacion --El fenómeno humano --El desarrollo del pensamiento conceptual y la hominizacion --La utilización del fuego por el hombre ...
650 _aEvolucion
_97012
650 _aEnsayos
_9375
650 _aAntropología
_9878
700 _aVandel, A.,
_936641
942 _2ddc
_cLIBROS
945 _arjall
_d2019-05-06